000 00578nam a22001817a 4500
003 OSt
005 20190117102905.0
008 180221b xxu||||| |||| 00| 0 spa d
040 _cPJ
100 _aFiorini, Bartolomé A.
_9337
245 1 0 _aProcedimiento administrativo y recurso jerárquico /
_cBartolomé A. Fiorini.
250 _a2a. ed. amp. y act.
260 _aBuenos Aires :
_bAbeledo-Perrot,
_c1971.
300 _a171 p.
_c23 cm.
650 0 _9211
_aDERECHO ADMINISTRATIVO
650 0 _91135
_aPROCEDIMIENTO ADMINISTRATIVO
942 _cLIB
_2udc
_h342.924
_iFIO
999 _c2326
_d2326